000
00287nam a2200121Ia 4500
008
191201s2014 xx 000 0 und d
100
_a
WAIT, John V
245
0
_a
Introduction to Operational Amplifier
260
_b
TMH
_c
2014
300
_a
380
650
_a
B.Tech(ECE)
942
_2
ddc
_c
BK
999
_c
7065
_d
7065